000 00696cam a22002171 4500
001 med48001011
003 DLC
005 20260227111610.0
008 841102s1947 fr a b 000 0 fre c
010 _amed48001011
035 _a(OCoLC)11343047
040 _aU.S. Army Medical Libr.
_cWU-M
_dWU-M
_dDLC
042 _apremarc
050 0 0 _aRA989.F7
_bV3
100 2 _aVallery-Radot, Pierre,
_d1889-
245 1 0 _aDeux siècles d'histoire hospitalière de Henri IV à Louis-Philippe (1602-1836) Paris d'autrefois, ses vieux hôpitaux.
260 _a[Paris]
_bDupont
_c[c1947]
300 _a261 p.
_billus.
_c29 cm.
504 _aBibliography: p. 247-251.
650 0 _aHospitals
_zFrance
_zParis.
999 _c38957
_d38957